[Event "North American op 30th"]
[Site "ICC INT"]
[Date "2020.12.28"]
[Round "6"]
[White "Han, Johnathan"]
[Black "Kogen, Jonathan S"]
[Result "0-1"]
[WhiteElo "1805"]
[BlackElo "2244"]
[PlyCount "56"]
[EventDate "2020.12.26"]
[EventType "swiss"]
[EventRounds "8"]
[EventCountry "USA"]
[SourceTitle "CBM 200 Extra"]
[Source "ChessBase"]
[SourceDate "2021.03.31"]
[SourceVersion "1"]
[SourceVersionDate "2021.03.31"]
[SourceQuality "1"]

1. e4 c5 2. Nf3 d6 3. d4 cxd4 4. Nxd4 Nf6 5. Nc3 a6 6. Bg5 e6 7. f4 Nbd7 8. Qe2 h6 9. Bh4 e5 10. fxe5 dxe5 11. Nb3 Bb4 12. Qf3 Bxc3+ 13. bxc3 Qc7 14. Be2 b6 15. 0-0 Bb7 16. Nd2 0-0 17. Rad1 Qc6 18. Bc4 Rac8 19. Rfe1 b5 20. Bd3 Qxc3 21. Nf1 Qb4 22. Ne3 Nxe4 23. Qg4 Ndc5 24. Nf5 g6 25. Ne7+ Kg7 26. Nxc8 Qd4+ 27. Kh1 Nf2+ 28. Bxf2 Qxg4 0-1

[Event "North American op 30th"]
[Site "ICC INT"]
[Date "2020.12.28"]
[Round "5"]
[White "Han, Johnathan"]
[Black "Zeng, Sheena"]
[Result "1-0"]
[WhiteElo "1805"]
[BlackElo "2065"]
[PlyCount "59"]
[EventDate "2020.12.26"]
[EventType "swiss"]
[EventRounds "8"]
[EventCountry "USA"]
[SourceTitle "CBM 200 Extra"]
[Source "ChessBase"]
[SourceDate "2021.03.31"]
[SourceVersion "1"]
[SourceVersionDate "2021.03.31"]
[SourceQuality "1"]

1. e4 e6 2. d4 d5 3. e5 c5 4. c3 Nc6 5. Nf3 Qb6 6. a3 Nh6 7. b4 cxd4 8. cxd4 Nf5 9. Be3 Be7 10. Bd3 Nxe3 11. fxe3 0-0 12. Nc3 f6 13. Na4 Qd8 14. exf6 Bxf6 15. 0-0 Bd7 16. Rc1 Rc8 17. Bb1 Qe7 18. Nc5 b6 19. Nd3 g6 20. Qd2 Bg7 21. a4 Qd6 22. b5 Na5 23. Rxc8 Rxc8 24. Nf4 Qa3 25. Bd3 Nb3 26. Qf2 Nc1 27. Bb1 Qb3 28. Nd2 Qb2 29. Nxg6 Ra8 30. Qf7# 1-0